Star Wars Movie Titles 1-7 - Statistics

General Stats
  • This quiz has been taken 80 times
  • The average score is 6 of 7
Answer Stats
Hint Answer % Correct
6 Return of the Jedi
96%
4 A New Hope
94%
7 The Force Awakens
94%
1 The Phantom Menace
94%
5 The Empire Strikes Back
91%
3 Revenge of the Sith
90%
2 Attack of the Clones
88%
No matching quizzes found
Score Distribution
Percent of People with Each Score
Percentile by Number Answered
Your Score History
You have not taken this quiz